000 00435nam a2200181Ia 4500
001 3419
005 20260306145642.0
008 260306t2015||||xx |||||||||||||| ||spa||
041 _aESP
082 _a275.8
_bO48
100 _aO'Malley, John W.
_eAUT
245 0 _aTrento:
_b¿qué pasó en el concilio?
260 _c2015
300 _aviii, 327 páginas :
_c23 cm.
650 _aGEN
654 _aCHU
942 _cLIB
_dJUS
_fJUS
_2ddc
_n
999 _c3419
_d3419